Statistics for The La Liga Santander Quiz

Click here to take the quiz!

General Stats

  • This quiz has been taken 56 times
  • The average score is 12 of 20

Answer Stats

HintAnswer% Correct
1Barcelona
100%
3Real Madrid
100%
2Atletico Madrid
92%
4Valencia
92%
6Sevilla
83%
8Real Betis
70%
13Athletic Bilbao
66%
15Real Sociedad
66%
5Villarreal
62%
14Espanyol
57%
17Levante
57%
20Malaga
55%
11Eibar
49%
7Girona
42%
10Celta Vigo
40%
16Alaves
34%
18Las Palmas
32%
19Deportivo La Coruna
26%
12Leganes
26%
9Getafe CF
8%

Score Distribution

Percentile by Number Answered

Percent of People with Each Score

Your Score History

You have not taken this quiz